000 00770nam a2200229Ii 4500
003 JO-AjNU
008 230605s9999||||xx |||||||||||||| ||und||
017 _a2003/11642
020 _a977-01-8607-4
040 _aJO-AjNU
_bara
_erda
_cJO-AjNU
041 _aara
050 1 4 _aPJ764.B37 2003
100 3 _aتاليف عياد،بشير,
_eauthor
_915804
245 0 0 _aناطحات شعرية
264 3 1 _aالقاهرة: مكتبة الاسرة مهرجان القراءة للجميع، 2003
300 _a255ص
336 _atext
_btxt
_2rdacontent
337 _aunmediated
_bn
_2rdamedia
338 _avolume
_bnc
_2rdacarrier
490 0 _aمهرجان القراءة للجميع،2003 مكتبة الاسرة
650 4 _aناطحات شعرية-شعر
_915805
999 _aA4548
_c8116
_d8116